[Event "Tres Cantos op 9th"]
[Site "Tres Cantos"]
[Date "2017.06.29"]
[Round "8"]
[White "Heras Cuenca, Miguel Angel"]
[Black "Lopez de Turiso, Jose Angel"]
[Result "1/2-1/2"]
[WhiteElo "1930"]
[BlackElo "2061"]
[PlyCount "93"]
[EventDate "2017.06.22"]
[EventType "swiss"]
[EventRounds "9"]
[EventCountry "ESP"]
[SourceTitle "EXT 2019"]
[Source "ChessBase"]
[SourceDate "2018.10.10"]
[SourceVersion "1"]
[SourceVersionDate "2018.10.10"]
[SourceQuality "1"]

1. d4 Nf6 2. c4 g6 3. Nc3 Bg7 4. e4 d6 5. f4 0-0 6. Be2 Na6 7. Nf3 e5 8. fxe5 dxe5 9. d5 Nc5 10. Bg5 h6 11. Bxf6 Qxf6 12. 0-0 Qe7 13. b4 Na6 14. a3 c5 15. b5 Nb8 16. a4 Qd6 17. a5 Bg4 18. Nd2 Bxe2 19. Qxe2 Nd7 20. Nb3 f5 21. Qe3 Kh7 22. Qh3 f4 23. Qe6 Rf6 24. Qxd6 Rxd6 25. Na4 Rc8 26. Rae1 g5 27. h3 h5 28. Kf2 Bf6 29. Nc1 Be7 30. Nd3 Rg6 31. g4 hxg4 32. hxg4 Rh6 33. Rh1 Bd6 34. Rxh6+ Kxh6 35. Rb1 b6 36. Rh1+ Kg6 37. a6 Rb8 38. Kf3 Nf6 39. Nf2 Nd7 40. Ke2 Rf8 41. Rh3 Rd8 42. Nb2 Rf8 43. Nbd3 Re8 44. Ne1 Nf6 45. Nf3 Rd8 46. Rh2 Re8 47. Rh3 1/2-1/2

[Event "Tres Cantos op 9th"]
[Site "Tres Cantos"]
[Date "2017.06.24"]
[Round "3"]
[White "Salgado Duarte, Pablo"]
[Black "Heras Cuenca, Miguel Angel"]
[Result "0-1"]
[WhiteElo "1599"]
[BlackElo "1930"]
[PlyCount "52"]
[EventDate "2017.06.22"]
[EventType "swiss"]
[EventRounds "9"]
[EventCountry "ESP"]
[SourceTitle "EXT 2019"]
[Source "ChessBase"]
[SourceDate "2018.10.10"]
[SourceVersion "1"]
[SourceVersionDate "2018.10.10"]
[SourceQuality "1"]

1. d4 Nf6 2. c4 c5 3. d5 b5 4. cxb5 a6 5. e3 g6 6. Nc3 Bg7 7. Nf3 0-0 8. Bd3 d6 9. 0-0 Nbd7 10. e4 Ng4 11. h3 Nge5 12. bxa6 Nxd3 13. Qxd3 Bxa6 14. Nb5 Qb6 15. Qe3 Qxb5 16. Re1 Ne5 17. Nxe5 Bxe5 18. Rb1 Qd3 19. Bd2 Qxe3 20. Bxe3 Rfb8 21. b3 Bd3 22. Rbd1 Bc2 23. Rd2 Bc3 24. Red1 Bxd1 25. Rxd1 Rxa2 26. Rb1 Ra1 0-1

[Event "Tres Cantos op 5th"]
[Site "Tres Cantos"]
[Date "2013.06.25"]
[Round "5"]
[White "Cao Armillas, Jesus"]
[Black "Heras Cuenca, Miguel Angel"]
[Result "1-0"]
[WhiteElo "2175"]
[BlackElo "2012"]
[PlyCount "99"]
[EventDate "2013.06.21"]
[EventType "swiss"]
[EventRounds "9"]
[EventCountry "ESP"]
[SourceTitle "EXT 2014"]
[Source "ChessBase"]
[SourceDate "2013.11.20"]
[SourceVersion "1"]
[SourceVersionDate "2013.11.20"]
[SourceQuality "1"]

1. d4 Nf6 2. c4 c5 3. d5 b5 4. cxb5 a6 5. bxa6 Bxa6 6. Nf3 d6 7. Nc3 g6 8. g3 Bg7 9. Bg2 0-0 10. 0-0 Nbd7 11. Rb1 Ng4 12. Qc2 Qb6 13. Bd2 Qa7 14. b3 Nge5 15. Nh4 Rfc8 16. Bh3 Rc7 17. a4 Rb8 18. Ng2 Nf6 19. Ne3 h5 20. Rfe1 Rcb7 21. Ncd1 Qb6 22. f3 Qd8 23. Nf2 Bxe2 24. Rxe2 Nxf3+ 25. Kg2 Nd4 26. Qd1 Nxe2 27. Qxe2 Rxb3 28. Rxb3 Rxb3 29. a5 Qa8 30. Qc4 Rb7 31. Kf1 Ra7 32. Bg2 Ne8 33. Nd3 Qb8 34. Nc1 Bh6 35. Qd3 Nc7 36. Be4 Qb5 37. Ke2 f5 38. Bf3 c4 39. Qxc4 Bxe3 40. Qxb5 Nxb5 41. Kxe3 Nc7 42. Nb3 Na6 43. Nd4 Kf7 44. Nc6 Rc7 45. Be2 Nc5 46. a6 Rc8 47. Bb4 e6 48. Bxc5 dxc5 49. a7 exd5 50. Nb8 1-0

[Event "Tres Cantos op 5th"]
[Site "Tres Cantos"]
[Date "2013.06.21"]
[Round "1"]
[White "Jarne Ubieto, Francisco"]
[Black "Heras Cuenca, Miguel Angel"]
[Result "0-1"]
[WhiteElo "1463"]
[BlackElo "2012"]
[PlyCount "50"]
[EventDate "2013.06.21"]
[EventType "swiss"]
[EventRounds "9"]
[EventCountry "ESP"]
[SourceTitle "EXT 2014"]
[Source "ChessBase"]
[SourceDate "2013.11.20"]
[SourceVersion "1"]
[SourceVersionDate "2013.11.20"]
[SourceQuality "1"]

1. d4 Nf6 2. e3 g6 3. Nf3 Bg7 4. Bd3 d5 5. 0-0 0-0 6. b3 c5 7. Bb2 cxd4 8. exd4 Nc6 9. Nbd2 Nb4 10. Be2 Bf5 11. Ne1 Rc8 12. c3 Nc6 13. Nef3 Nd7 14. c4 Nc5 15. cxd5 Qxd5 16. Nc4 Ne6 17. Ne3 Qa5 18. Nxf5 Qxf5 19. Qd2 Ncxd4 20. Nxd4 Nxd4 21. Bxd4 Rcd8 22. Qb4 Rxd4 23. Qe1 Re4 24. Rd1 Qe6 25. Rd2 Bc3 0-1

[Event "Tres Cantos op 4th"]
[Site "Tres Cantos"]
[Date "2012.06.27"]
[Round "7"]
[White "Alvarez Abejon, Amilcar"]
[Black "Heras Cuenca, Miguel Angel"]
[Result "1-0"]
[WhiteElo "2074"]
[BlackElo "1985"]
[PlyCount "49"]
[EventDate "2012.06.21"]
[EventType "swiss"]
[EventRounds "9"]
[EventCountry "ESP"]
[SourceTitle "CBM 149 Extra"]
[Source "ChessBase"]
[SourceDate "2012.08.24"]
[SourceVersion "1"]
[SourceVersionDate "2012.08.24"]
[SourceQuality "1"]

1. e4 e5 2. Nf3 Nf6 3. Nxe5 d6 4. Nf3 Nxe4 5. d4 d5 6. Bd3 Be7 7. 0-0 Nc6 8. Nc3 Nxc3 9. bxc3 0-0 10. Re1 Bf6 11. Bf4 Ne7 12. Rb1 Ng6 13. Bg3 b6 14. Re3 Be6 15. Qd2 Ne7 16. Be5 Nf5 17. Re2 Bxe5 18. Nxe5 Qd6 19. Rbe1 c5 20. Nxf7 Kxf7 21. Rxe6 Qxe6 22. Rxe6 Kxe6 23. Qe2+ Kd7 24. Bb5+ Kc8 25. Qe6+ 1-0

[Event "Tres Cantos op 3rd"]
[Site "Tres Cantos"]
[Date "2011.06.28"]
[Round "7"]
[White "Pindado del Carmen, Eliseo"]
[Black "Heras Cuenca, Miguel Angel"]
[Result "0-1"]
[WhiteElo "1708"]
[BlackElo "2003"]
[PlyCount "42"]
[EventDate "2011.06.22"]
[EventType "swiss"]
[EventRounds "9"]
[EventCountry "ESP"]
[SourceTitle "EXT 2012"]
[Source "ChessBase"]
[SourceDate "2011.11.24"]
[SourceVersion "1"]
[SourceVersionDate "2011.11.24"]
[SourceQuality "1"]

1. d4 Nf6 2. Nf3 g6 3. c4 c5 4. Nc3 cxd4 5. Nxd4 Bg7 6. e3 0-0 7. Be2 Nc6 8. Nxc6 bxc6 9. Qc2 d5 10. 0-0 e5 11. Rd1 Be6 12. c5 Qe7 13. Na4 Bf5 14. Bd3 e4 15. Be2 Nd7 16. Rb1 Ne5 17. b3 Nf3+ 18. gxf3 exf3 19. Bd3 Qg5+ 20. Kf1 Qg2+ 21. Ke1 Qg1+ 0-1

[Event "Tres Cantos op 3rd"]
[Site "Tres Cantos"]
[Date "2011.06.27"]
[Round "6"]
[White "Heras Cuenca, Miguel Angel"]
[Black "Sanchez Lopez, Maria"]
[Result "1/2-1/2"]
[WhiteElo "2003"]
[BlackElo "1679"]
[PlyCount "133"]
[EventDate "2011.06.22"]
[EventType "swiss"]
[EventRounds "9"]
[EventCountry "ESP"]
[SourceTitle "EXT 2012"]
[Source "ChessBase"]
[SourceDate "2011.11.24"]
[SourceVersion "1"]
[SourceVersionDate "2011.11.24"]
[SourceQuality "1"]

1. d4 Nf6 2. c4 g6 3. Nc3 Bg7 4. e4 d6 5. f4 0-0 6. Nf3 c5 7. d5 e6 8. Be2 exd5 9. cxd5 Bg4 10. 0-0 Nbd7 11. h3 Bxf3 12. Bxf3 Re8 13. Re1 Qa5 14. Bd2 c4 15. b4 Qxb4 16. Rb1 Qc5+ 17. Be3 Qc7 18. Nb5 Qb8 19. Nxd6 Qxd6 20. e5 Nxe5 21. fxe5 Rxe5 22. Rxb7 Nxd5 23. Bf2 Rxe1+ 24. Bxe1 Rd8 25. Qxd5 Qxd5 26. Bxd5 Bd4+ 27. Bf2 Rxd5 28. Bxd4 Rxd4 29. Rxa7 c3 30. Rc7 Rd1+ 31. Kh2 Rc1 32. a4 c2 33. a5 Ra1 34. Rxc2 Rxa5 35. Rc3 Kg7 36. g4 h5 37. Kg3 hxg4 38. hxg4 Kf6 39. Rf3+ Ke6 40. Re3+ Re5 41. Rb3 Kf6 42. Rf3+ Ke6 43. Rb3 f5 44. Rb6+ Kf7 45. gxf5 Rxf5 46. Kg4 Kg7 47. Rb7+ Kh6 48. Rb1 Rg5+ 49. Kf4 Rh5 50. Kg4 Rh2 51. Rb6 Rg2+ 52. Kh4 Rg1 53. Ra6 Rb1 54. Ra4 g5+ 55. Kg3 Kh5 56. Ra3 Rg1+ 57. Kh2 Rg4 58. Kh3 Re4 59. Kg3 Rg4+ 60. Kh3 Re4 61. Kg3 Rb4 62. Kh3 g4+ 63. Kg3 Kg5 64. Ra5+ Kf6 65. Ra6+ Kf5 66. Ra5+ Kf6 67. Ra6+ 1/2-1/2

[Event "Tres Cantos op 3rd"]
[Site "Tres Cantos"]
[Date "2011.06.26"]
[Round "5"]
[White "Hernando Pertierra, Jose Carlos"]
[Black "Heras Cuenca, Miguel Angel"]
[Result "1-0"]
[WhiteElo "2397"]
[BlackElo "2003"]
[PlyCount "61"]
[EventDate "2011.06.22"]
[EventType "swiss"]
[EventRounds "9"]
[EventCountry "ESP"]
[SourceTitle "EXT 2012"]
[Source "ChessBase"]
[SourceDate "2011.11.24"]
[SourceVersion "1"]
[SourceVersionDate "2011.11.24"]
[SourceQuality "1"]

1. Nf3 g6 2. d4 Nf6 3. Nc3 d5 4. Bf4 c6 5. e3 Bg7 6. Be2 0-0 7. Ne5 Nfd7 8. Nf3 Nf6 9. h4 Bg4 10. Ne5 Bxe2 11. Qxe2 Nh5 12. g4 Nxf4 13. exf4 Nd7 14. h5 Re8 15. hxg6 hxg6 16. f5 e6 17. fxg6 Nxe5 18. dxe5 fxg6 19. f4 Kf7 20. 0-0-0 Rh8 21. Rhf1 Rh4 22. Ne4 Qa5 23. Nd6+ Ke7 24. Kb1 Qa6 25. c4 Rah8 26. f5 Rh2 27. Qe3 Kd7 28. fxe6+ Kxe6 29. Rf6+ Bxf6 30. exf6+ Kxf6 31. g5+ 1-0

[Event "Tres Cantos op 2nd"]
[Site "Tres Cantos"]
[Date "2010.06.24"]
[Round "6"]
[White "Lopez Heras, Arturo"]
[Black "Heras Cuenca, Miguel Angel"]
[Result "0-1"]
[WhiteElo "2018"]
[BlackElo "1978"]
[PlyCount "54"]
[EventDate "2010.06.19"]
[EventType "swiss"]
[EventRounds "9"]
[EventCountry "ESP"]
[SourceTitle "CBM 137 Extra"]
[Source "ChessBase"]
[SourceDate "2010.09.01"]
[SourceVersion "1"]
[SourceVersionDate "2010.09.01"]
[SourceQuality "1"]

1. e4 e5 2. f4 exf4 3. Nf3 Be7 4. Bc4 Nf6 5. Nc3 Nxe4 6. Bxf7+ Kxf7 7. Nxe4 d5 8. Nf2 Rf8 9. d4 Kg8 10. 0-0 c5 11. Nd3 cxd4 12. Bxf4 Nc6 13. Qd2 Bf6 14. Nfe5 Bf5 15. Rae1 Rc8 16. a3 Be4 17. Rc1 Qe8 18. Ng4 Qg6 19. Nxf6+ Rxf6 20. Ne1 Rcf8 21. g3 Qf5 22. h4 Ne5 23. Qxd4 Ng6 24. Ng2 Qh3 25. Qd2 Nxf4 26. Nxf4 Rxf4 27. gxf4 Qg3+ 0-1

[Event "Tres Cantos op 1st"]
[Site "Tres Cantos"]
[Date "2009.06.07"]
[Round "2"]
[White "Heras Cuenca, Miguel Angel"]
[Black "Cabrera Fernandez, Daniel"]
[Result "1/2-1/2"]
[WhiteElo "2030"]
[BlackElo "1853"]
[PlyCount "104"]
[EventDate "2009.06.06"]
[EventType "swiss"]
[EventRounds "9"]
[EventCountry "ESP"]
[SourceTitle "EXT 2010"]
[Source "ChessBase"]
[SourceDate "2010.11.25"]
[SourceVersion "1"]
[SourceVersionDate "2010.11.25"]
[SourceQuality "1"]

1. d4 e6 2. c4 c5 3. d5 b5 4. cxb5 Nf6 5. Nc3 a6 6. e4 d6 7. Nf3 Nbd7 8. a4 Be7 9. Be2 0-0 10. 0-0 Nb6 11. a5 axb5 12. Bxb5 Bd7 13. Be3 Bxb5 14. Nxb5 Nc4 15. Qe2 Nxe3 16. Qxe3 Rxa5 17. Nc3 Qb6 18. dxe6 fxe6 19. Rxa5 Qxa5 20. h3 Nd7 21. Rd1 Rb8 22. Nd2 Ne5 23. f4 Nc6 24. Nc4 Qc7 25. Qd2 Nd4 26. f5 Bf6 27. fxe6 Nxe6 28. Qxd6 Qxd6 29. Rxd6 Bd4+ 30. Kf1 Nf4 31. Ne2 Nxe2 32. Kxe2 Bxb2 33. Rb6 Rxb6 34. Nxb6 Kf7 35. Kd3 Ke6 36. Nc4 Bd4 37. Nd2 h6 38. Nf3 Bf2 39. Kc4 Be3 40. Kd3 Bf2 41. Ke2 Bd4 42. g4 Bf6 43. Kd3 g5 44. Kc4 Kd6 45. Kd3 Bg7 46. h4 gxh4 47. Nxh4 Ke5 48. Ke3 Bf6 49. Nf3+ Ke6 50. Kd3 Bg5 51. Kc4 Be3 52. Kd3 Bg5 1/2-1/2

[Event "Collado Villalba op 24th"]
[Site "Collado Villalba"]
[Date "2007.08.27"]
[Round "5"]
[White "Heras Cuenca, Miguel Angel"]
[Black "Fernandez Fernandez, Jose Manuel"]
[Result "1-0"]
[WhiteElo "2014"]
[BlackElo "1897"]
[PlyCount "57"]
[EventDate "2007.08.23"]
[EventType "swiss"]
[EventRounds "9"]
[EventCountry "ESP"]
[SourceTitle "EXT 2008"]
[Source "ChessBase"]
[SourceDate "2007.11.25"]
[SourceVersion "1"]
[SourceVersionDate "2007.11.25"]
[SourceQuality "1"]

1. d4 Nf6 2. c4 g6 3. Nc3 Bg7 4. e4 d6 5. f4 0-0 6. Nf3 c5 7. d5 e6 8. Be2 exd5 9. cxd5 a6 10. a4 Re8 11. e5 dxe5 12. fxe5 Ng4 13. Bg5 Qa5 14. 0-0 Nxe5 15. d6 Be6 16. Nd5 Bxd5 17. Qxd5 Nbc6 18. Nxe5 Nxe5 19. d7 Nxd7 20. Qxd7 Rxe2 21. Qxf7+ Kh8 22. Bf6 Bxf6 23. Qxf6+ Kg8 24. Qf7+ Kh8 25. Rad1 Rd2 26. Rde1 Qd8 27. Re7 Qg8 28. Qf6+ Qg7 29. Qxg7# 1-0

[Event "Collado Villalba op 24th"]
[Site "Collado Villalba"]
[Date "2007.08.23"]
[Round "1"]
[White "Heras Cuenca, Miguel Angel"]
[Black "Babaev, Rashad"]
[Result "0-1"]
[WhiteElo "2014"]
[BlackElo "2488"]
[PlyCount "92"]
[EventDate "2007.08.23"]
[EventType "swiss"]
[EventRounds "9"]
[EventCountry "ESP"]
[SourceTitle "EXT 2008"]
[Source "ChessBase"]
[SourceDate "2007.11.25"]
[SourceVersion "1"]
[SourceVersionDate "2007.11.25"]
[SourceQuality "1"]

1. d4 Nf6 2. c4 g6 3. Nc3 Bg7 4. e4 d6 5. f4 0-0 6. Nf3 c5 7. d5 e6 8. Be2 exd5 9. cxd5 Bg4 10. 0-0 Nbd7 11. h3 Bxf3 12. Bxf3 a6 13. a4 Rb8 14. Re1 Ne8 15. Qc2 b5 16. axb5 axb5 17. Ra6 Bd4+ 18. Kh2 Rb6 19. Ra7 Nc7 20. Be3 Bxe3 21. Rxe3 b4 22. Ne2 Nb5 23. Ra5 Rb8 24. Ra6 Rb6 25. Ra5 Nd4 26. Nxd4 cxd4 27. Re1 Qf6 28. g3 d3 29. Qxd3 Qxb2+ 30. Qe2 Qxe2+ 31. Rxe2 b3 32. Rb2 Rc8 33. Bd1 Rc1 34. Ra8+ Kg7 35. Rxb3 Rxd1 36. Rxb6 Nxb6 37. Rd8 Nc4 38. Kg2 Kf6 39. Rd7 h5 40. g4 hxg4 41. hxg4 g5 42. fxg5+ Kg6 43. Re7 Ne5 44. Re8 Kxg5 45. Rg8+ Kf4 46. g5 Rd2+ 0-1